Game theory at work : how to use game theory to outthink and outmaneuver your competition

Αποθηκεύτηκε σε:
Λεπτομέρειες βιβλιογραφικής εγγραφής
Κύριος συγγραφέας: Miller, James D. (James Daniel)
Μορφή: Βιβλίο
Γλώσσα:English
Δημοσίευση: New York : McGraw-Hill, c2003
Θέματα:
Ετικέτες: Προσθήκη ετικέτας
Δεν υπάρχουν, Καταχωρήστε ετικέτα πρώτοι!

MARC

LEADER 00000nam a2200000 i 4500
001 1/97630
008 081119s2003 eng d
020 |a 0-07-140020-6 (hbk.) 
035 |l 10101789 
040 |a GR-MY-UA  |b gre  |e aacr 
041 0 |a eng 
082 0 |a 658.40353  |2 (22) 
100 1 |a Miller, James D.  |q (James Daniel) 
245 1 0 |a Game theory at work :  |b how to use game theory to outthink and outmaneuver your competition /  |c James D. Miller 
260 |a New York :   |b McGraw-Hill,   |c c2003 
300 |a vii, 306 σ.;  |b σχ.;  |c 23 εκ. 
504 |a Περιλαμβάνει βιβλιογραφικές παραπομπές και ευρετήριο 
650 0 0 |a Management games. 
852 |a INST  |b CHIOS  |e 20081119  |h 658.40353 MIL  |p 005200030804  |q 005200030804  |t BK  |y 0 
901 |a BIBL2-2008-3 
909 |a Χ  |b 153747 
922 |a 2ΕΛΗ  |b 200809  |c ΕΠΕΑΕΚ2/ΤΔΕ  |d Ι. ΜΙΧΑΛΟΠΟΥΛΟΣ 
970 |a ΒΑΣΙΛΑΚΗ  |b ΝΙΚΗ  |z 2008/11/19